Decentralization and local autonomy: a framework for assessing progress (Record no. 21917)

000 -LEADER
fixed length control field 00992pab a2200133 454500
008 - FIXED-LENGTH DATA ELEMENTS--GENERAL INFORMATION
fixed length control field 180718b xxu||||| |||| 00| 0 eng d
100 ## - MAIN ENTRY--PERSONAL NAME
Personal name Ocampo, Romeo B
245 ## - TITLE STATEMENT
Title Decentralization and local autonomy: a framework for assessing progress
520 ## - SUMMARY, ETC.
Summary, etc. In light of the dangers posed by centralism, decentralization was initiated with the hope of furthering development especially in the local units. Decentralization aims to bring decisionmaking closer to the people and to deconcentrate benefits from the elite to the masses among others. Local autonomy has currently become the focal point in the decentralization process. However, there is still a need to further clarify the concept to reap more satisficing results. This article provides a framework to assess and evaluate the progress and problems concomitant with decentralization and local autonomy
650 ## - SUBJECT ADDED ENTRY--TOPICAL TERM
Topical term or geographic name entry element Local Government
650 ## - SUBJECT ADDED ENTRY--TOPICAL TERM
Topical term or geographic name entry element Decentralisation
773 ## - HOST ITEM ENTRY
Main entry heading Philippine Journal of Public Administration
909 ## -
-- 21917
Holdings
Withdrawn status Lost status Damaged status Not for loan Permanent Location Current Location Date acquired Serial Enumeration / chronology Barcode Date last seen Price effective from Koha item type
        Indian Institute of Public Administration Indian Institute of Public Administration 2018-07-19 Issue no: 35(3), Jul.91, p.191-204 AR21986 2018-07-19 2018-07-19 Articles

Powered by Koha